000 02207nam a2200409 c 4500
003 BLK
005 20180422104220.0
008 180408b bul|||||r ||||||| ||bul||
010 _aKNG00089653000
020 _a954-626-247-1
_bиздат.: Аратрон
040 _aBLK
041 _aBUL
_cBUL
080 _aПроблеми на окултното. Теории и системи на езотеричните дисциплини, които изясняват и интерпретират феномените и проблемите на окултното. Вж и 159.961; 291.3
_b133
_x(02.062)
_z133(02.062)
080 _aПарапсихология. Нумерология. - Халюцинации, пророчества, предсказания, магии, демонология, телепатия, спиритизъм, илюзии, нумерология, мошеничество. Вж и 133 ; 398.4 ; 615.851
_b159.961
_x(02.062)
_z159.961(02.062)
100 1 _aМелхизедек, Друнвало
_eпърви автор
_994760
700 1 _aНиколова, Светлана
_eпрев. от англ.
_9366308
139 _aМелхизедек, Друнвало
_bМ 46
245 1 0 _aДа живееш в сърцето
_bКак да навлезем в свещеното пространство на сърцето
_cДрунвало Мелхизедек; прев. от англ. Светлана Николова.
257 _aUSA
260 София
_bАратрон
_c2006
300 _a144 с.
_bс ил.
_c22 см
380 _a1
500 _aОриг. загл. Living in the heart / Drunvalo Melchizedek. - Прев. е известна като Светлана Михайлова
650 4 _aОкултизъм
_9164936
650 4 _aПарапсихология
_9165687
650 4 _aМедитация
_9161599
650 4 _aБиоенерготерапия
_9148661
653 _aокултизъм
653 _aпарапсихология
653 _aмедитация
653 _aбиоенерготерапия
852 _aЦб 244121
856 4 _qpdf
_u
856 4 _qpdf
_u
942 _cKNG
_n0
944 _aCR
_c26.05.2009
_kМилена_Ачева
944 _aED
_c05.06.2009
_k
999 _c85057
_d85057